Công nghệ cao cơ hội không của riêng ai

में बचाया:
ग्रंथसूची विवरण
मुख्य लेखक: Elicom
स्वरूप: पुस्तक
भाषा:Vietnamese
प्रकाशित: Hà Nội 2000
टैग : टैग जोड़ें
कोई टैग नहीं, इस रिकॉर्ड को टैग करने वाले पहले व्यक्ति बनें!
Thư viện lưu trữ: Mạng thư viện Đại học Đà Nẵng
LEADER 00626nam a2200253 4500
001 000020945
003 17392
005 20150330140350.0
008 150330s2000 viesd
020 |c 29600 
041 0 |a vie 
082 1 4 |a 607  |b ELI 
100 1 |a Elicom 
245 1 0 |a Công nghệ cao cơ hội không của riêng ai  |c Nhóm tác giả Elicom 
260 |b Hà Nội  |c 2000 
300 |a tr.  |c cm. 
OWN |a LSP 
999 |a From the UDN01 
TYP |a Monograph 
TYP |a Printed language 
980 |a Mạng thư viện Đại học Đà Nẵng